• 首页
  • 本馆介绍
  • 公告通知
  • 最新文献
  • 馆藏检索
  • 电子资源
  • 读者导购
  • 参考咨询
  • 我的图书馆
  • 登录
  • 详细信息显示
  • 放入我的书架
  • 预约/预借图书
  • 作者相关作品
  • 分类相关作品
  • 丛书相关作品
  • 出版社相关作品

书目信息

  • 表格格式
  • 工作单格式
  • 卡片格式
题名:
化工小商品生产法
    
 
作者: 周绍绳 主编
分册: 第八集  
出版信息: 长沙   湖南科学技术出版社  1991.7
页数: 534页
开本: 19cm
丛书名:
单 册:
中图分类: TQ-62
科图分类:
主题词: 化学工业
电子资源:
ISBN: 7-5357-0889-7
000 00764nam0 2200217 45
001 0191032058
005 20051114141306.20
010    @a7-5357-0889-7@dCNY6.90
100    @a19920114d1991 em y0chiy0121 ea
101 0  @achi
102    @aCN@b430000
105    @ay z 000yy
200 10 @a化工小商品生产法@AHUA GONG XIAO SHANG PIN SHENG CHAN FA@h第八集@f周绍绳主编@FZHOU SHAO SHENG ZHU BIAN
210    @a长沙@c湖南科学技术出版社@d1991.7
215    @a534页@d19cm
330    @a本书汇编了市场上常见的涂料品种338个,介绍了它们的配方、生产工艺、技术要求、用途等,还介绍了112个涂料生产常用原料品种的技术指标和生产单位等。
606 0  @a化学工业
690    @aTQ-62
701  0 @a周绍绳@AZHOU SHAO SHENG@4主编
801  0 @aCN@bNLC@c20051114
905    @f1@b246744@dTQ-62@e15:8
    
    化工小商品生产法.第八集/周绍绳主编.-长沙:湖南科学技术出版社,1991.7
    534页;19cm
    
    
    ISBN 7-5357-0889-7:CNY6.90
    本书汇编了市场上常见的涂料品种338个,介绍了它们的配方、生产工艺、技术要求、用途等,还介绍了112个涂料生产常用原料品种的技术指标和生产单位等。
●
相关链接 在E读中查询图书 在五车中查询图书 在当当中查询图书 在豆瓣中查询图书


正题名:化工小商品生产法     索取号:TQ-62/15:8         预约/预借

序号 登录号 条形码 馆藏地/架位号 状态 备注
1 0246743   202146249   密集书库/ [索取号:TQ-62/15:8] 在馆    
2 0246744   001646115   第三借阅区/ [索取号:TQ-62/15:8] 在馆    
3 0246745   001646286   第二样本阅览室/ [索取号:TQ-62/15:8] 在馆    
唐山师范学院图书馆 欢迎您!
大连网信软件有限公司© 版权所有